Electricity for the telephone man.

Bibliographic Details
Corporate Author: American Telephone and Telegraph Company
Format: Book
Language:English
Published: [Place of publication not identified] : American Telephone and Telegraph Co. and Michigan Bell Telephone Co., 1956 printing.
Subjects:

MARC

Tag First Indicator Second Indicator Subfields
LEADER 00000cam a2200000 i 4500
001 in00000095716
005 20150925085554.0
008 800401s1955 xx a h 00110 eng d
035 |a (OCoLC)06153877 
035 |9 AAL1933AM 
040 |a TXA  |c TXA  |d UtOrBLW 
049 |a TXAM  |c [719285] 
090 |a TK6169  |b .A4 1956 
110 2 |a American Telephone and Telegraph Company. 
245 1 0 |a Electricity for the telephone man. 
264 1 |a [Place of publication not identified] :  |b American Telephone and Telegraph Co. and Michigan Bell Telephone Co.,  |c 1956 printing. 
264 4 |c ©1955 
300 |a ix, 149 pages :  |b illustrations 
336 |a text  |b txt  |2 rdacontent 
337 |a unmediated  |b n  |2 rdamedia 
338 |a volume  |b nc  |2 rdacarrier 
500 |a Material gathered from Bell System sources. 
500 |a Includes index. 
650 0 |a Electricity. 
650 0 |a Telephone  |v Handbooks, manuals, etc. 
999 |a MARS 
999 f f |s b3a3efc8-5605-30a4-a233-78b0372a9ed3  |i efd165bf-1e0c-363f-b8aa-4b197684de4c  |t 0 
952 f f |p ric  |a Texas A&M University  |b Rellis Campus  |c Joint Library Facility  |d Remote Storage  |t 0  |e TK6169 .A4 1956  |h Library of Congress classification  |i unmediated -- volume  |m A14805484191 
998 f f |a TK6169 .A4 1956  |t 0  |l Remote Storage